| 000 | 00555nam a22002057a 4500 | ||
|---|---|---|---|
| 999 |
_c6672 _d6672 |
||
| 003 | OSt | ||
| 005 | 20200225085334.0 | ||
| 008 | 200225b ||||| |||| 00| 0 eng d | ||
| 020 | _a0697047806 | ||
| 040 | _cDDC. | ||
| 082 | _a570WIN 1981 | ||
| 100 |
_aWinchester,A.M;Jaques,H.E; _913724 |
||
| 245 | _aHow to know the Living Things. | ||
| 250 | _a2nd ed | ||
| 260 |
_aDubuque,Lowa; _bThe Pictured key Nature Series. _c1981. |
||
| 300 |
_a173p; _bill, _c27cm |
||
| 504 | _aincludes glossary and index. | ||
| 650 |
_aBiology _95602 |
||
| 942 |
_2ddc _cO_SHELF |
||